Osobitosti a aktuálne problémy financií vybraného odvetvia národného hospodárstva bakalárska práca

Guardado en:
Detalles Bibliográficos
Autor principal: Švagerková, Pavla Mária
Autor Corporativo: Národohospodárska fakulta EU. Katedra financií
Otros Autores: Červeňová, Magdaléna, 1962-
Formato: Libro
Lenguaje:eslovaco
Publicado: Bratislava 2019
Etiquetas: Agregar Etiqueta
Sin Etiquetas, Sea el primero en etiquetar este registro!

MARC

LEADER 00000nbm a2200000 4500
001 0256535
005 20191030131220.6
041 0 |a slo 
044 |a SK 
245 1 0 |a Osobitosti a aktuálne problémy financií vybraného odvetvia národného hospodárstva  |b bakalárska práca  |c Pavla Mária Švagerková ; školiteľ: Magdaléna Červeňová 
264 1 |a Bratislava  |c 2019 
300 |a 42 s. 
100 1 |a Švagerková, Pavla Mária 
700 1 |a Červeňová, Magdaléna, 1962- 
710 2 |a Národohospodárska fakulta EU. Katedra financií